[Event "CZE-chT2D 0809"]
[Site "Czech Republic"]
[Date "2009.02.22"]
[Round "9.5"]
[White "Danek, Libor"]
[Black "Krejci, Dalibor"]
[Result "1-0"]
[WhiteElo "2287"]
[BlackElo "1850"]
[PlyCount "61"]
[EventDate "2008.10.12"]
[EventType "team-tourn"]
[EventRounds "11"]
[EventCountry "CZE"]
[SourceTitle "EXT 2010"]
[Source "ChessBase"]
[SourceDate "2010.11.25"]
[SourceVersion "1"]
[SourceVersionDate "2010.11.25"]
[SourceQuality "1"]

1. e4 c5 2. Nc3 e6 3. g3 Nc6 4. Bg2 Nf6 5. Nge2 Be7 6. 0-0 0-0 7. d4 cxd4 8. Nxd4 d5 9. exd5 Nxd5 10. Nxd5 exd5 11. Be3 Bf6 12. c3 Be6 13. Re1 Qe7 14. Nxe6 fxe6 15. Bh3 Rfe8 16. Qa4 Qf7 17. Rad1 e5 18. Bg2 e4 19. Rd2 Ne5 20. Qb5 Rad8 21. Bxa7 Nd3 22. Rf1 Ra8 23. Rxd3 Rxa7 24. Rxd5 Rxa2 25. Rfd1 Bxc3 26. Qxe8+ Qxe8 27. Rd8 Qxd8 28. Rxd8+ Kf7 29. bxc3 Ra1+ 30. Bf1 Rc1 31. Rc8 1-0

[Event "CZE-chT 9495"]
[Site "Czech Republic"]
[Date "1995.01.16"]
[Round "6"]
[White "Cech, Pavel"]
[Black "Danek, Libor"]
[Result "0-1"]
[WhiteElo "2360"]
[BlackElo "2345"]
[PlyCount "122"]
[EventDate "1994.10.15"]
[EventType "team-tourn"]
[EventRounds "9"]
[EventCountry "CZE"]
[SourceTitle "EXT 2019"]
[Source "ChessBase"]
[SourceDate "2018.10.10"]
[SourceVersion "1"]
[SourceVersionDate "2018.10.10"]
[SourceQuality "1"]
[WhiteTeam "Vysehrad SK Sokol"]
[BlackTeam "Brno Lokomotiva"]
[WhiteTeamCountry "CZE"]
[BlackTeamCountry "CZE"]

1. d4 Nf6 2. Bg5 c5 3. Bxf6 exf6 4. c3 d5 5. e3 Nc6 6. Nf3 Bd6 7. Be2 0-0 8. Nbd2 cxd4 9. exd4 Re8 10. 0-0 Qb6 11. b4 Ne7 12. a4 Ng6 13. g3 f5 14. Bb5 Re7 15. Re1 f4 16. Qb3 Be6 17. g4 Rc8 18. h3 Qd8 19. Bf1 Rec7 20. Rac1 Nh4 21. Nxh4 Qxh4 22. Nf3 Qe7 23. Rc2 Bxb4 24. Rec1 Ba3 25. Ra1 Bd6 26. Rac1 h5 27. g5 Qd7 28. c4 dxc4 29. Bxc4 Bxh3 30. Nh2 Bf5 31. Rc3 Qe7 32. Nf3 Bg6 33. Bd5 Rxc3 34. Rxc3 Rxc3 35. Qxc3 Qd7 36. Qc4 b6 37. Kh2 Qc7 38. Qb3 Qc1 39. Kg2 Qc8 40. Kh2 Qd7 41. Qc4 Kh7 42. Qb5 Qxb5 43. axb5 Bd3 44. Bxf7 Bxb5 45. Bxh5 Be2 46. Kg2 g6 47. Bg4 a5 48. Be6 b5 49. Nd2 Kg7 50. f3 Kf8 51. Kf2 Bd3 52. Nb3 Ke7 53. Bg8 a4 54. Nc1 Bf5 55. Ke2 b4 56. Kd2 Be6 57. Bxe6 Kxe6 58. Kd3 b3 59. Ne2 a3 60. Kc3 b2 61. Kc2 Kd5 0-1

[Event "Brno-A"]
[Site "Brno"]
[Date "1995.??.??"]
[Round "6"]
[White "Danek, Libor"]
[Black "Kountz, Jochen"]
[Result "1/2-1/2"]
[WhiteElo "2355"]
[BlackElo "2265"]
[PlyCount "82"]
[EventDate "1995.??.??"]
[EventType "tourn"]
[EventRounds "9"]
[EventCountry "CZE"]
[EventCategory "4"]
[SourceTitle "EXT 1999"]
[Source "ChessBase"]
[SourceDate "1998.11.16"]
[SourceVersion "1"]
[SourceVersionDate "1998.11.16"]
[SourceQuality "1"]

1. e4 d6 2. d4 Nf6 3. Nc3 g6 4. g3 Bg7 5. Bg2 0-0 6. Nge2 e5 7. h3 Nc6 8. Be3 Bd7 9. 0-0 Re8 10. Re1 exd4 11. Nxd4 Nxd4 12. Bxd4 Bc6 13. Qd2 Nd7 14. Bxg7 Kxg7 15. Nd5 Bxd5 16. exd5 Qf6 17. c3 a5 18. Re3 Rxe3 19. Qxe3 Qe5 20. Qxe5+ Nxe5 21. Bf1 Nd7 22. Re1 Nb6 23. c4 Kf8 24. f4 Na4 25. Rb1 Nc5 26. Kf2 Ne4+ 27. Kg2 Nc5 28. Kf3 Re8 29. Be2 h6 30. h4 Kg7 31. Rd1 f5 32. Bd3 Kf6 33. Bc2 Kf7 34. h5 Ne4 35. hxg6+ Kxg6 36. g4 Kf7 37. gxf5 Nf6 38. Rg1 b6 39. Ba4 Rh8 40. a3 Rg8 41. Rh1 h5 1/2-1/2

[Event "Brno-A"]
[Site "Brno"]
[Date "1995.??.??"]
[Round "9"]
[White "Danek, Libor"]
[Black "Ramik, Zdenek"]
[Result "1/2-1/2"]
[WhiteElo "2355"]
[BlackElo "2345"]
[PlyCount "24"]
[EventDate "1995.??.??"]
[EventType "tourn"]
[EventRounds "9"]
[EventCountry "CZE"]
[EventCategory "4"]
[SourceTitle "EXT 1999"]
[Source "ChessBase"]
[SourceDate "1998.11.16"]
[SourceVersion "1"]
[SourceVersionDate "1998.11.16"]
[SourceQuality "1"]

1. g3 e5 2. Bg2 Nf6 3. c4 d6 4. Nc3 g6 5. b3 Bg7 6. Bb2 0-0 7. e3 Re8 8. Nge2 c6 9. 0-0 Nbd7 10. d4 e4 11. Rc1 Nf8 12. Qc2 Bf5 1/2-1/2

[Event "Brno-A"]
[Site "Brno"]
[Date "1995.??.??"]
[Round "1"]
[White "Sulzbach, Sven"]
[Black "Danek, Libor"]
[Result "1/2-1/2"]
[WhiteElo "2245"]
[BlackElo "2355"]
[PlyCount "65"]
[EventDate "1995.??.??"]
[EventType "tourn"]
[EventRounds "9"]
[EventCountry "CZE"]
[EventCategory "4"]
[SourceTitle "EXT 1999"]
[Source "ChessBase"]
[SourceDate "1998.11.16"]
[SourceVersion "1"]
[SourceVersionDate "1998.11.16"]
[SourceQuality "1"]

1. d4 Nf6 2. c4 c5 3. d5 b5 4. cxb5 a6 5. b6 d6 6. Nc3 Nbd7 7. e4 g6 8. a4 Qxb6 9. a5 Qb8 10. Nf3 Bg7 11. Be2 0-0 12. 0-0 Ne8 13. Nd2 Nc7 14. Nc4 Nb5 15. Na4 Nd4 16. Nab6 Nxb6 17. Nxb6 Ra7 18. Bc4 Qc7 19. Rb1 Bd7 20. b3 Bb5 21. Bb2 f5 22. exf5 Rxf5 23. Qd3 Bxc4 24. Qxc4 Qd8 25. Qd3 Qe8 26. b4 Qb5 27. Qxb5 Nxb5 28. Bxg7 Kxg7 29. bxc5 dxc5 30. Rfc1 Rc7 31. Na8 Rc8 32. Nb6 Rc7 33. Na8 1/2-1/2

[Event "Brno-B"]
[Site "Brno"]
[Date "1994.??.??"]
[Round "7"]
[White "Danek, Libor"]
[Black "Mudrak, Josef"]
[Result "0-1"]
[WhiteElo "2355"]
[BlackElo "2290"]
[PlyCount "58"]
[EventDate "1994.??.??"]
[EventType "tourn"]
[EventRounds "9"]
[EventCountry "CZE"]
[EventCategory "4"]
[SourceTitle "EXT 1997"]
[Source "ChessBase"]
[SourceDate "1996.11.15"]
[SourceVersion "1"]
[SourceVersionDate "1996.11.15"]
[SourceQuality "1"]

1. e4 c5 2. Nc3 Nc6 3. g3 g6 4. Bg2 Bg7 5. d3 d6 6. f4 e6 7. Nf3 Nge7 8. 0-0 h5 9. Be3 Nd4 10. Bf2 e5 11. Nxd4 cxd4 12. Ne2 h4 13. c3 dxc3 14. bxc3 Bg4 15. Rb1 b6 16. h3 hxg3 17. hxg4 gxf2+ 18. Rxf2 Rc8 19. Qa4+ Nc6 20. d4 0-0 21. Bf3 exf4 22. Nxf4 Qh4 23. Nd5 Qg3+ 24. Kf1 Bh6 25. Ke2 Qh4 26. Rh1 Qg5 27. Rfh2 Bg7 28. Qd1 Rfe8 29. Qd2 Qxd5 0-1

[Event "Brno-B"]
[Site "Brno"]
[Date "1994.??.??"]
[Round "9"]
[White "Danek, Libor"]
[Black "Spindelboeck, Gernot"]
[Result "1-0"]
[WhiteElo "2355"]
[BlackElo "2290"]
[PlyCount "85"]
[EventDate "1994.??.??"]
[EventType "tourn"]
[EventRounds "9"]
[EventCountry "CZE"]
[EventCategory "4"]
[SourceTitle "EXT 1997"]
[Source "ChessBase"]
[SourceDate "1996.11.15"]
[SourceVersion "1"]
[SourceVersionDate "1996.11.15"]
[SourceQuality "1"]

1. e4 e6 2. d4 d5 3. Nd2 c5 4. exd5 exd5 5. Bb5+ Bd7 6. Qe2+ Be7 7. dxc5 Nf6 8. Nb3 0-0 9. Be3 Re8 10. Nf3 a6 11. Bd3 Ng4 12. 0-0 Ba4 13. Nfd4 Nxe3 14. Qxe3 Nd7 15. Nf5 Bxb3 16. axb3 Nxc5 17. Rad1 g6 18. Nh6+ Kg7 19. Ng4 Kg8 20. Qd4 f6 21. Bc4 Kg7 22. Bxd5 Qc7 23. Qe3 Rad8 24. b4 Na4 25. Qe6 Rf8 26. Bb3 Nb6 27. Rxd8 Bxd8 28. Rd1 Qe7 29. Qxe7+ Bxe7 30. c3 Re8 31. Kf1 f5 32. Ne3 Bf8 33. Nc2 Rc8 34. Nd4 Kf6 35. Re1 Nc4 36. Re6+ Kg7 37. Re2 Kf6 38. Re6+ Kg5 39. Bxc4 Rxc4 40. Rb6 Kh6 41. Nxf5+ Kg5 42. Nd4 Bg7 43. Ne6+ 1-0

[Event "Brno-B"]
[Site "Brno"]
[Date "1994.??.??"]
[Round "4"]
[White "Kratochwil, Christian"]
[Black "Danek, Libor"]
[Result "1-0"]
[WhiteElo "2315"]
[BlackElo "2355"]
[PlyCount "50"]
[EventDate "1994.??.??"]
[EventType "tourn"]
[EventRounds "9"]
[EventCountry "CZE"]
[EventCategory "4"]
[SourceTitle "EXT 1997"]
[Source "ChessBase"]
[SourceDate "1996.11.15"]
[SourceVersion "1"]
[SourceVersionDate "1996.11.15"]
[SourceQuality "1"]

1. c4 c5 2. Nf3 g6 3. e4 Nc6 4. d4 cxd4 5. Nxd4 Nf6 6. Nc3 Nxd4 7. Qxd4 d6 8. Bg5 Bg7 9. Be2 0-0 10. Qe3 Ng4 11. Bxg4 Bxg4 12. 0-0 Re8 13. Nd5 Qd7 14. Rab1 Be6 15. b3 b5 16. cxb5 Bxd5 17. exd5 Qxb5 18. Qd2 Rac8 19. Rbc1 Kf8 20. Rfe1 Rc5 21. Rxc5 Qxc5 22. Be3 Qa3 23. Rc1 Ra8 24. h4 a5 25. Qc2 Qb4 1-0

[Event "Brno-B"]
[Site "Brno"]
[Date "1994.??.??"]
[Round "8"]
[White "Vechet, Stanislav"]
[Black "Danek, Libor"]
[Result "1/2-1/2"]
[WhiteElo "2250"]
[BlackElo "2355"]
[PlyCount "48"]
[EventDate "1994.??.??"]
[EventType "tourn"]
[EventRounds "9"]
[EventCountry "CZE"]
[EventCategory "4"]
[SourceTitle "EXT 1997"]
[Source "ChessBase"]
[SourceDate "1996.11.15"]
[SourceVersion "1"]
[SourceVersionDate "1996.11.15"]
[SourceQuality "1"]

1. d4 Nf6 2. g3 c5 3. c3 cxd4 4. cxd4 d5 5. Nc3 Nc6 6. Nf3 Bf5 7. Bg2 e6 8. 0-0 Be7 9. h3 0-0 10. Nh4 Bg6 11. Nxg6 hxg6 12. Qd3 Rc8 13. Rd1 Qb6 14. Rb1 Rfd8 15. Bg5 Qb4 16. e3 Na5 17. Bf1 Nc4 18. Qc2 Rd7 19. Bxf6 Bxf6 20. Qa4 Qxa4 21. Nxa4 Be7 22. Bd3 Rcc7 23. Nc3 a6 24. Ne2 Nb6 1/2-1/2

[Event "Brno Morava-D"]
[Site "Brno"]
[Date "1991.??.??"]
[Round "11"]
[White "Danek, Libor"]
[Black "Babula, Vlastimil"]
[Result "1-0"]
[WhiteElo "2350"]
[BlackElo "2330"]
[PlyCount "95"]
[EventDate "1991.09.??"]
[EventType "tourn"]
[EventRounds "11"]
[EventCountry "CZE"]
[EventCategory "5"]
[SourceTitle "CBM 024 Extra"]
[Source "ChessBase"]
[SourceDate "1991.11.01"]
[SourceVersion "1"]
[SourceVersionDate "1991.11.01"]
[SourceQuality "1"]

1. e4 d6 2. d4 Nf6 3. Nc3 g6 4. g3 Bg7 5. Bg2 0-0 6. Nge2 e5 7. h3 c6 8. a4 exd4 9. Nxd4 Na6 10. 0-0 Nb4 11. Be3 Re8 12. Qd2 d5 13. exd5 Nbxd5 14. Nxd5 Nxd5 15. Bh6 Bh8 16. Rad1 Qb6 17. c4 Nf6 18. a5 Qc5 19. b4 Qh5 20. g4 Bxg4 21. hxg4 Nxg4 22. Bf4 Rad8 23. Qc3 Qh4 24. Rd3 Qf6 25. Be3 Qd6 26. Rfd1 Qh2+ 27. Kf1 Ne5 28. R3d2 Rd6 29. c5 Rd7 30. Qb3 Qh5 31. Ne2 Rxd2 32. Rxd2 Ng4 33. Bf4 Be5 34. Qg3 Qf5 35. Bh3 Bxf4 36. Nxf4 Qb1+ 37. Kg2 Nf6 38. Rd4 Re1 39. Qd3 Rg1+ 40. Kf3 Qe1 41. Rd6 Qe7 42. Qe3 Qxe3+ 43. Kxe3 Kg7 44. Bc8 Rb1 45. Rd4 g5 46. Nd3 Nd5+ 47. Rxd5 cxd5 48. Bxb7 1-0

[Event "Brno Morava-D"]
[Site "Brno"]
[Date "1991.??.??"]
[Round "3"]
[White "Konopka, Michal"]
[Black "Danek, Libor"]
[Result "1/2-1/2"]
[WhiteElo "2380"]
[BlackElo "2350"]
[PlyCount "52"]
[EventDate "1991.09.??"]
[EventType "tourn"]
[EventRounds "11"]
[EventCountry "CZE"]
[EventCategory "5"]
[SourceTitle "CBM 024 Extra"]
[Source "ChessBase"]
[SourceDate "1991.11.01"]
[SourceVersion "1"]
[SourceVersionDate "1991.11.01"]
[SourceQuality "1"]

1. Nf3 c5 2. c4 g6 3. Nc3 Bg7 4. d4 cxd4 5. Nxd4 Nc6 6. Nc2 d6 7. g3 Nf6 8. Bg2 0-0 9. 0-0 Qa5 10. Qd2 Qh5 11. Qg5 Qxg5 12. Bxg5 h6 13. Bd2 Be6 14. b3 Rfc8 15. Rac1 Rab8 16. Nd5 Kh7 17. Nce3 Nd4 18. Rfe1 Nxd5 19. Nxd5 Nc6 20. Nc3 Kg8 21. Red1 Kf8 22. Be3 Ke8 23. Bxc6+ bxc6 24. Bxa7 Bxc3 25. Rxc3 Ra8 26. Be3 Rxa2 1/2-1/2

[Event "Brno Morava-D"]
[Site "Brno"]
[Date "1991.??.??"]
[Round "5"]
[White "Tabatadze, Tamaz"]
[Black "Danek, Libor"]
[Result "0-1"]
[WhiteElo "2370"]
[BlackElo "2350"]
[PlyCount "78"]
[EventDate "1991.09.??"]
[EventType "tourn"]
[EventRounds "11"]
[EventCountry "CZE"]
[EventCategory "5"]
[SourceTitle "CBM 024 Extra"]
[Source "ChessBase"]
[SourceDate "1991.11.01"]
[SourceVersion "1"]
[SourceVersionDate "1991.11.01"]
[SourceQuality "1"]

1. d4 Nf6 2. c4 c5 3. d5 b5 4. cxb5 a6 5. bxa6 Bxa6 6. Nc3 d6 7. e4 Bxf1 8. Kxf1 g6 9. g3 Bg7 10. Kg2 0-0 11. h3 Nbd7 12. Nf3 Ra7 13. Re1 Qa8 14. Qc2 Rb8 15. b3 Ne8 16. Bb2 Nc7 17. Nd2 Na6 18. a3 Qb7 19. Na4 f6 20. Re3 Nc7 21. Nc4 Ne5 22. Nxe5 fxe5 23. Rb1 Nb5 24. Rd1 Qa6 25. Rf3 Nd4 26. Bxd4 exd4 27. Rb1 Qb5 28. Nb2 Rxa3 29. Nc4 Raa8 30. h4 Rf8 31. Rxf8+ Rxf8 32. Rd1 Qb4 33. Rd3 Qe1 34. Rf3 Ra8 35. Qd2 Qxe4 36. Qd3 Qe1 37. Nd2 Bh6 38. Nf1 Qe5 39. g4 Qxd5 0-1